The law and practice of Nigerian wills, probate and succession, (Record no. 533)
[ view plain ]
| 000 -LEADER | |
|---|---|
| fixed length control field | 01009cam a2200313 4500 |
| 001 - CONTROL NUMBER | |
| control field | 3135841 |
| 003 - CONTROL NUMBER IDENTIFIER | |
| control field | OSt |
| 005 - DATE AND TIME OF LATEST TRANSACTION | |
| control field | 20150622100715.0 |
| 008 - FIXED-LENGTH DATA ELEMENTS--GENERAL INFORMATION | |
| fixed length control field | 730215s1968 enk b 001 0 eng |
| 010 ## - LIBRARY OF CONGRESS CONTROL NUMBER | |
| LC control number | 72170736 |
| 020 ## - INTERNATIONAL STANDARD BOOK NUMBER | |
| International Standard Book Number | 0421100907 |
| 040 ## - CATALOGING SOURCE | |
| Original cataloging agency | DLC |
| Transcribing agency | DLC |
| Modifying agency | DLC |
| 043 ## - GEOGRAPHIC AREA CODE | |
| Geographic area code | f-nr--- |
| 050 00 - LIBRARY OF CONGRESS CALL NUMBER | |
| Classification number | KTA770 |
| Item number | .H27 1968 |
| 082 00 - DEWEY DECIMAL CLASSIFICATION NUMBER | |
| Classification number | 346.054 HAR |
| Edition number | 19 |
| 100 1# - MAIN ENTRY--PERSONAL NAME | |
| Personal name | Harvey, Brian W. |
| 9 (RLIN) | 492 |
| 245 14 - TITLE STATEMENT | |
| Title | The law and practice of Nigerian wills, probate and succession, |
| Statement of responsibility, etc | by Brian W. Harvey; with a foreword by G. B. A. Coker. |
| 260 ## - PUBLICATION, DISTRIBUTION, ETC. (IMPRINT) | |
| Place of publication, distribution, etc | London, |
| Name of publisher, distributor, etc | Sweet & Maxwell, |
| Date of publication, distribution, etc | 1968. |
| 300 ## - PHYSICAL DESCRIPTION | |
| Extent | xxvii, 209 p. |
| Dimensions | 23 cm. |
| 350 ## - PRICE (NR) (BK AM CF MU VM SE) [OBSOLETE] | |
| Price | £3.30 |
| 440 #0 - SERIES STATEMENT/ADDED ENTRY--TITLE | |
| Title | Law in Africa ; |
| Volume number/sequential designation | no. 26 |
| 9 (RLIN) | 1551 |
| 504 ## - BIBLIOGRAPHY, ETC. NOTE | |
| Bibliography, etc | Includes bibliographical references. |
| 650 #0 - SUBJECT ADDED ENTRY--TOPICAL TERM | |
| Topical term or geographic name as entry element | Wills |
| Geographic subdivision | Nigeria. |
| 9 (RLIN) | 1552 |
| 650 #0 - SUBJECT ADDED ENTRY--TOPICAL TERM | |
| Topical term or geographic name as entry element | Probate law and practice |
| Geographic subdivision | Nigeria. |
| 9 (RLIN) | 1553 |
| 650 #0 - SUBJECT ADDED ENTRY--TOPICAL TERM | |
| Topical term or geographic name as entry element | Inheritance and succession |
| Geographic subdivision | Nigeria. |
| 9 (RLIN) | 1554 |
| 906 ## - LOCAL DATA ELEMENT F, LDF (RLIN) | |
| a | 7 |
| b | cbc |
| c | orignew |
| d | 3 |
| e | ncip |
| f | 19 |
| g | y-gencatlg |
| 942 ## - ADDED ENTRY ELEMENTS (KOHA) | |
| Source of classification or shelving scheme | Dewey Decimal Classification |
| Koha item type | Books |
| Withdrawn status | Lost status | Source of classification or shelving scheme | Damaged status | Not for loan | Home library | Current library | Shelving location | Date acquired | Total Checkouts | Full call number | Barcode | Date last seen | Price effective from | Koha item type |
|---|---|---|---|---|---|---|---|---|---|---|---|---|---|---|
| Dewey Decimal Classification | Law Development Centre Main Library | Law Development Centre Main Library | Text Books and Laws | 04/22/2011 | 346.054 HAR | 72264 | 04/22/2011 | 04/22/2011 | Books |
